00923nam a22002417a 450000500170000001000130001702000230003003500130005303700160006604000120008208200150009410000250010924501730013426000340030727000370034130000310037865000350040965000250044470000280046994200240049799900190052195201410054020170124110021.0 aA-905124 c110.00a8170143772 aA-905124 bCen Lib/Ret adplbEN a651.7bPAL aPal, Rajendra917078 aEssentials of business communication :cby Rajendra Pal [and] J.S.Korlahallibfor I.C.S.I.foundation course,B.Com(H) and B.Com.(P) examinations of Indian Universities / aNew DelhibSultan Chandc1997 a23, DaryaganjbNew Delhie110002 avarious pagings.c20cm(Hb) aBusiness Communication.919789 aCommunication.99469 aKorlahalli, J.S.917080 2ddccENh651.7mPAL c127208d127208 00104070aLbLd2015-06-27eCen Lib/Retg110.00l3m1o651.7 PALpA-905124r2019-07-15 00:00:00s2019-07-13t1v110.00w2015-06-27yEN